5HLuxD.jpg

KING HENRY VIII SENIOR AND PRIMARY SCHOOL LIBRARY OPAC

Educating Rita / (Record no. 3748)

000 -LEADER
fixed length control field 01552nam a22002297a 4500
003 - CONTROL NUMBER IDENTIFIER
control field OSt
005 - DATE AND TIME OF LATEST TRANSACTION
control field 20241015103621.0
008 - FIXED-LENGTH DATA ELEMENTS--GENERAL INFORMATION
fixed length control field 241015b ||||| |||| 00| 0 eng d
020 ## - INTERNATIONAL STANDARD BOOK NUMBER
International Standard Book Number 9781350200937
040 ## - CATALOGING SOURCE
Transcribing agency KH8
082 ## - DEWEY DECIMAL CLASSIFICATION NUMBER
Classification number 822.914 RUS
100 ## - MAIN ENTRY--PERSONAL NAME
Personal name Russell, Willy,
Relator term author.
245 ## - TITLE STATEMENT
Title Educating Rita /
Statement of responsibility, etc. Willy Russell.
260 ## - PUBLICATION, DISTRIBUTION, ETC.
Place of publication, distribution, etc. London ;
Name of publisher, distributor, etc. Methuen Drama,
Date of publication, distribution, etc. 2023.
300 ## - PHYSICAL DESCRIPTION
Extent xxxv, 91 pages ;
Dimensions 20 cm.
520 ## - SUMMARY, ETC.
Summary, etc. ''One way of describing Educating Rita would be to say that it was about the meaning of education . Another would be to say that it was about the meaning of life. A third, that it is a cross between Pygmailion and Lucky Jim. A fourth, that it is simply a marvellous play, painfully funny and passionately serious; a hilarious social documentary; a fairy-tale with a quizzical, half-happy ending.'' Sunday Times<br/><br/>This new student edition includes an introduction covering the play''s context; chronology; dramatic devices; critical reception; production history; and key themes such as class and identity, popular culture and education.<br/><br/>Educating Rita portrays a working-class Liverpool woman's hunger for education. It premiered at the RSC Warehouse, London, in 1980 and won the SWET award for Best Comedy of the Year. It was subsequently made into a highly successful film with Michael Caine and Julie Walters and won the 1983 BAFTA award for Best Film.
650 ## - SUBJECT ADDED ENTRY--TOPICAL TERM
Topical term or geographic name entry element Adult education
650 ## - SUBJECT ADDED ENTRY--TOPICAL TERM
Topical term or geographic name entry element Education Drama
650 ## - SUBJECT ADDED ENTRY--TOPICAL TERM
Topical term or geographic name entry element Self-culture Drama
700 ## - ADDED ENTRY--PERSONAL NAME
Personal name Beswick, Katie,
Relator term editor.
942 ## - ADDED ENTRY ELEMENTS (KOHA)
Source of classification or shelving scheme
Koha item type Books - Non Ficton
Holdings
Withdrawn status Lost status Source of classification or shelving scheme Damaged status Not for loan Collection code Permanent Location Current Location Shelving location Date acquired Full call number Barcode Date last seen Price effective from Koha item type
          Non-Fiction KH8 Senior School Library KH8 Senior School Library Non Fiction 2024-10-15 822.914 RUS 3KHSL000102091 2024-10-15 2024-10-15 Books - Non Ficton

Powered By KH8 IT Dept